000 00741nam a22002057a 4500
999 _c19300
_d19300
001 11822209
003 OSt
005 20210114101011.0
008 161006b xxu||||| |||| 00| 0 eng d
010 _a 98947768
020 _a9712200930
040 _aMMU
_cMMU
_beng
_dMMU
050 0 0 _aS7351 .H473 1996
245 0 0 _aHerbicides in Asian rice :
_btransitions in weed management /
_cedited by Rosamond Naylor.
260 _aStanford, Calif., U.S.A. :
_bStanford University, Institute for International Studies ;
_aManila, Philippines :
_bInternational Rice Research Institute,
_c1996.
300 _axiii, 270 p. :
_bill. ;
_c23 cm.
500 _aIncludes bibliographical references.
700 1 _aNaylor, Rosamond.
942 _2lcc
_cSHORTLOAN